000 01125nam0a22002891 4500
001 rc\3217124
005 20250609191959.0
021 _aRU
_b[73-41832]
035 _a(NLR Aleph) 007465830
090 _a7364401
_c7364401
100 _a20130115d1973 |||y0rusy50 ca
101 0 _arus
102 _aRU
105 _ay z |||||
200 1 _aЭлеутерококк в норководстве
_fМ-во сел. хоз-ва РСФСР. Примор. науч.-исслед. вет. станция
210 _aВладивосток
_cДальневост. кн. изд-во
_d1973
215 _a40 с.
_d20
320 _aСписок лит.: с. 39
606 _aЭлеутерококк
_xПрименение в звероводстве
_2psbo
606 _aНорка
_xПродуктивность
_xСтимуляция
_2psbo
700 1 _4070
_7ca
_8rus
_aЮдин
_bА. М.
_cканд. биол. наук
_gАлександр Михайлович
_9245457
_3RU\NLR\AUTH\770245513
801 0 _aRU
_bNLR
_gpsbo
801 1 _aRU
_bELAR
_2rusmarc
852 _aNLR
_j73-4/17391
942 _cBOOK
980 _aNB